00650nam a22002177a 4500003000500000005001700005008004100022010001000063011001000073035001000083040000900093100001600102245009300118260002700211300003000238490003700268650005700305700002200362710001100384830003700395CHAP20220817041445.0971013s1983 r 00010 d a15019 a15991 a20069 cCHAP00aHerrera, I. aTeaching the application of computers in water resources studiesb: a preliminary report aParis :bUNESCO,c1983 a49 p.b: ilus. ; gráfs. aTechnical documents in hydrology14aProcesamiento automático de datos en hidrología.0 aYate Smith, R. A. aUNESCO0 aTechnical documents in hydrology